Gatunki języka religijnego w perspektywie diachronicznej

Titel: Gatunki języka religijnego w perspektywie diachronicznej : Z dziejów modlitwy przed i po jedzeniu
Verfasser:
In: Wrocławskie Towarzystwo Naukowe. Komisja Językowa: Rozprawy Komisji Językowej, Band 33 (2006), Seite 241-248
alle Artikel anzeigen
Veröffentlicht: 2006
Format: Aufsatz
Sprache: Polnisch
Kein Bild verfügbar
X
alg: 39405782
001A    $01999:12-11-16 
001B    $01999:29-05-21 $t17:41:36.000 
001C    $06050:19-11-16 $t08:50:35.000 
001D    $01999:12-11-16 
001U    $0utf8 
001X    $00 
002@    $0Aox 
003@    $0394057821 
007A    $0394057821 $aHEB 
007T    $0Herdk84950 
010@    $apol 
011@    $a2006 
021A    $aGatunki języka religijnego w perspektywie diachronicznej $dZ dziejów modlitwy przed i po jedzeniu 
028A    $aBurzyńska-Kamieniecka $dAnna 
031A    $d33 $h241-248 $j2006 
037A    $aAuf der Grundlage von Lehrbüchern und Katechismen aus dem 16. u. 17. Jh. sowie Gebets- und Gesangsbüchern aus dem 18. u. 19. Jh., hauptsächlich aus Schlesien 
037A    $aNa podst. podręczników i katechizmów z XVI-XVII w. oraz modlitewników i kancjonałów z XVIII-XIX w., gł. ze Śląska  
039B    $aIn $8--Abvc--Wrocławskie Towarzystwo Naukowe$bKomisja Językowa [Tb1]. Rozprawy Komisji Językowej. - Wrocław {[u.a.] : Państw. Wydawn. Naukowe, 1959-2015. - ISSN 0084-2990 $x200600000330000759 $9047286199 
045F    $a417.709438 $eDDC23BSB 
045F/01 $a417.7 
045F/03 $g438 
045F/03 $g4385 
045T    $a7,11 $a7,39 
045T    $aLING $qDE-30 $2FID 

lok: 39405782 78

exp: 39405782 78 1 #EPN
201B/01 $018-11-16 $t10:29:37.000 
201U/01 $0utf8 
203@/01 $0790168340 
208@/01 $a12-11-16 $be 
209A/01 $a/ $f000 $x00 
220C/01 $aTitelaufnehmer: pbb 
220C/01 $aHerkunft: PBB/IH PAN 
220C/01 $aAnmerkung: *uA 
244Z/01 $2Trx $#Silesia $#Śląsk $#Sliezsko $#Slezsko $8--Trx--Schlesien $x01 $9391173987 
244Z/01 $2Trx $#Poola $#Lenkija $#Polija $#Polen Land $#Poland $#Lengyelország $#Poľsko $#Polsko $8--Trx--Polska$gkraj $x02 $9391345966 
244Z/01 $2Trx $#kirjandus, religioosne $#literatūra, religinė $#Literature, religious $#irodalom, vallásos $#literatura religijna $#literatúra náboženská $#literatura náboženská $8--Trx--Literatur, religiöse $x03 $9391367994 
244Z/01 $2Trx $#religioossus $#religingumas $#piety $#vallásosság $#religijność $#religiozita $#religiozita $8--Trx--Religiosität $x04 $9391374788 
244Z/01 $2Trx $8--Trx--Zeitschriftenaufsatz $x05 $9391384341 
245Z/01 $a11.07 $x01 
247C/01 $82080>Marburg/Lahn, Herder-Institut, Forschungsbibliothek, Bibliographieportal $9336309341
LEADER 00000caa a22000002c 4500
001 394057821
003 DE-603
005 20210529174136.0
007 tu
008 161112s2006 xx |||| | u00||u|pol c
035 |a (DE-599)HEB394057821 
040 |a DE-603  |b ger  |c DE-603  |d DE-603 
041 |a pol 
082 0 4 |8 1\u  |a 417.709438  |q DE-101  |2 23/BSB 
084 |a 7,11  |a 7,39  |2 ssgn 
084 |a LING  |q DE-30  |2 fid 
085 |8 1\u  |b 417.7 
085 |8 1\u  |z 2  |s 438 
085 |8 1\u  |z 2  |s 4385 
100 1 |a Burzyńska-Kamieniecka, Anna 
245 0 0 |a Gatunki języka religijnego w perspektywie diachronicznej  |b Z dziejów modlitwy przed i po jedzeniu 
264 0 |c 2006 
500 |a Auf der Grundlage von Lehrbüchern und Katechismen aus dem 16. u. 17. Jh. sowie Gebets- und Gesangsbüchern aus dem 18. u. 19. Jh., hauptsächlich aus Schlesien 
500 |a Na podst. podręczników i katechizmów z XVI-XVII w. oraz modlitewników i kancjonałów z XVIII-XIX w., gł. ze Śląska <pol> 
773 0 8 |i In  |a Wrocławskie Towarzystwo Naukowe. Komisja Językowa  |t Rozprawy Komisji Językowej  |d Wrocław ˜[u.a.] œ: Państw. Wydawn. Naukowe, 1959-2015  |x 0084-2990  |g Band 33 (2006), Seite 241-248  |w (DE-603)047286199  |w (DE-600)205639-2 
924 0 |9 2080  |a (DE-603)790168340  |b DE-2080  |c HES  |d d  |g /